Mức độ cạnh tranh và ổn định tài chính của các ngân hàng thương mại Việt Nam : Luận văn tốt nghiệp Cao học. Chuyên ngành Tài chính - Ngân hàng

Phân tích mức độ cạnh tranh và ổn định tài chính của các ngân hàng thương mại Việt Nam, qua đó đề xuất chính sách quản lý phù hợp để thúc đẩy cạnh tranh, đảm bảo tính ổn định cho các ngân hàng thương mại Việt Nam....

Descrizione completa

Salvato in:
Dettagli Bibliografici
Autore principale: Phạm, Thị Quỳnh Như
Natura: Libro
Lingua:Undetermined
Pubblicazione: Cần Thơ Trường Đại học Cần Thơ 2018
Soggetti:
Tags: Aggiungi Tag
Nessun Tag, puoi essere il primo ad aggiungerne! !
Thư viện lưu trữ: Trung tâm Học liệu Trường Đại học Cần Thơ
LEADER 01202nam a2200217Ia 4500
001 CTU_228518
008 210402s9999 xx 000 0 und d
082 |a 332.12 
082 |b Nh550 
088 |a 8340201 
100 |a Phạm, Thị Quỳnh Như 
245 0 |a Mức độ cạnh tranh và ổn định tài chính của các ngân hàng thương mại Việt Nam : 
245 0 |b Luận văn tốt nghiệp Cao học. Chuyên ngành Tài chính - Ngân hàng 
245 0 |c Phạm Thị Quỳnh Như ; Phan Đình Khôi (Cán bộ hướng dẫn) 
260 |a Cần Thơ 
260 |b Trường Đại học Cần Thơ 
260 |c 2018 
520 |a Phân tích mức độ cạnh tranh và ổn định tài chính của các ngân hàng thương mại Việt Nam, qua đó đề xuất chính sách quản lý phù hợp để thúc đẩy cạnh tranh, đảm bảo tính ổn định cho các ngân hàng thương mại Việt Nam. 
650 |a Banks and banking,Ngân hàng và hoạt động ngân hàng 
910 |b nthai 
980 |a Trung tâm Học liệu Trường Đại học Cần Thơ